Name the celebrity by their eyes - Statistics

General Stats
  • This quiz has been taken 202 times
  • The average score is 10 of 16
Answer Stats
Picture Answer % Correct
Rihanna
99%
Beyonce
90%
Adele
80%
Anne Hathaway
79%
Kendall Jenner
72%
Margot Robbie
67%
Angelina Jolie
66%
Selena Gomez
66%
Scarlett Johansson
59%
Natalie Portman
49%
Florence Pugh
45%
Emma Roberts
43%
SZA
42%
Winona Ryder
40%
Amanda Seyfried
39%
Hailey Bieber
36%
No matching quizzes found
Score Distribution
Percent of People with Each Score
Percentile by Number Answered
Your Score History
You have not taken this quiz